000 00345nam a2200133Ia 4500
008 241014s9999||||xx |||||||||||||| ||und||
020 _a978-0-12-210751-1
100 _aDeRenzo, Evan.G
245 0 _aWriting Clinical Research Protocols : Ethical Considerations
260 _bElsevier
300 _a299
650 _aResearch
942 _bSPH
_cBK
999 _c19451
_d19451